000 00302nam a22001337a 4500
003 SGT
020 _a9789387964327
082 _a615
_bDHI
100 _aDHIKAV VIKAS
245 _aPRINCIPLES AND PRACTICE OF CLINICAL PHARMACY
260 _aINDIA
_bCBS PUB
_c2019
300 _a253
942 _2ddc
_cBK
999 _c34499
_d34499